| 000 | 01019nam a2200289Ia 4500 | ||
|---|---|---|---|
| 003 | OSt | ||
| 005 | 20221005110753.0 | ||
| 006 | a|||||r|||| 00| 0 | ||
| 007 | ta | ||
| 008 | 221004b |||||||| |||| 00| 0 hin d | ||
| 020 |
_a9788126711925 (hbk) _c350 |
||
| 024 | _a10970 | ||
| 037 |
_b8178, 20/03/2014, Rajkamal Prakashan Pvt. Ltd. _cTextual |
||
| 040 |
_aCRL _cCRL _bhin |
||
| 041 |
_2hin _ahin |
||
| 082 | _aO152,3N25,DD, N3;Q3 | ||
| 100 | _aसोबती, कृष्णा | ||
| 245 | 0 | _aदिलो - दानिश | |
| 246 | _aDilo - dānisha | ||
| 250 | _a2 संस्करण | ||
| 260 |
_aनई दिल्ली _bराजकमल प्रकाशन भारत _c2013 |
||
| 300 |
_a391पृ0 _ccm. |
||
| 490 | _vपहला भाग | ||
| 650 | _aहिन्दी साहित्य | ||
| 942 |
_hO152,3N25,DD, N3;Q3 _cTEXL _2cc |
||
| 999 |
_c1019835 _d1019835 |
||